LIBRARY & INFORMATION CENTRE, KCAET, TAVANUR

ONLINE PUBLIC ACCESS CATALOGUE (OPAC)

Agricultural Technologies : Agricultural Engineering (Record no. 15660)

MARC details
000 -LEADER
fixed length control field 00324nam a22001337a 4500
003 - CONTROL NUMBER IDENTIFIER
control field OSt
008 - FIXED-LENGTH DATA ELEMENTS--GENERAL INFORMATION
fixed length control field 190524b ||||| |||| 00| 0 eng d
020 ## - INTERNATIONAL STANDARD BOOK NUMBER
ISBN 978819103881
082 ## - DEWEY DECIMAL CLASSIFICATION NUMBER
Classification number 631.3
245 ## - TITLE STATEMENT
Title Agricultural Technologies : Agricultural Engineering
260 ## - PUBLICATION, DISTRIBUTION, ETC. (IMPRINT)
Place of publication New Delhi
Name of publisher ICAR
Year of publication 2014
300 ## - PHYSICAL DESCRIPTION
Number of Pages 143 p.
942 ## - ADDED ENTRY ELEMENTS (KOHA)
Koha item type Books
Holdings
Withdrawn status Lost status Damaged status Collection code Home library Current library Shelving location Date acquired Full call number Accession Number Koha item type
      Non-fiction KAUAET KAUAET General Stacks 24/05/2019 631.3 25944 Books
      Non-fiction KAUAET KAUAET General Stacks 24/05/2019 631.3 25943 Books
free website counter